书目信息 |
| 题名: |
陶渊明
|
|
| 作者: | 陈俊山 著 | |
| 分册: | ||
| 出版信息: | 南昌 百花洲文艺出版社 1994.12 |
|
| 页数: | 420页 | |
| 开本: | 32开 | |
| 丛书名: | ||
| 单 册: | ||
| 中图分类: | I247.53 | |
| 科图分类: | ||
| 主题词: | 小说--中国 | |
| 电子资源: | ||
| ISBN: | 7-80579-518-5 | |
| 000 | 00528nam0 2200193 45 | |
| 001 | 0106081734 | |
| 005 | 20010608170347.8 | |
| 010 | @a7-80579-518-5@d14.60元 | |
| 100 | @a20010608d1994 km y0chiy0120 ea | |
| 101 | 0 | @achi |
| 105 | @a z 000yy | |
| 200 | 1 | @a陶渊明@ATao Yuan Ming@f陈俊山著@FChen Jun Shan Zhu |
| 210 | @a南昌@c百花洲文艺出版社@d1994.12 | |
| 215 | @a420页@d32开 | |
| 606 | 0 | @a小说@x中国 |
| 690 | @aI247.53@v3 | |
| 701 | 0 | @a陈俊山@4著 |
| 801 | @aCN@bPftUser@c20010608 | |
| 905 | @f5@b346272-276@dI247.53@eCH785 | |
| 陶渊明/陈俊山著.-南昌:百花洲文艺出版社,1994.12 |
| 420页;32开 |
| ISBN 7-80579-518-5:14.60元 |
| ● |
| 相关链接 |
|
|
|
正题名:陶渊明
索取号:I247.53/CH785
 
预约/预借
| 序号 | 登录号 | 条形码 | 馆藏地/架位号 | 状态 | 备注 |
| 1 | 346272 | 203462724 | 文学库108/ [索取号:I247.53/CH785] | 在馆 | |
| 2 | 346273 | 203462733 | 社科二线422/422社科库 4排2列1层/ [索取号:I247.53/CH785] | 在馆 | |
| 3 | 346274 | 203462742 | 社科二线422/422社科库 4排2列1层/ [索取号:I247.53/CH785] | 在馆 | |
| 4 | 346275 | 203462751 | 社科二线422/422社科库 4排2列1层/ [索取号:I247.53/CH785] | 在馆 | |
| 5 | 346276 | 203462760 | 社科二线422/422社科库 4排2列1层/ [索取号:I247.53/CH785] | 在馆 |